000
00302nam a22001337a 4500
008
171013b xxu||||| |||| 00| 0 eng d
020
_a
9780534355920
041
_a
eng
080
_2
5TH
_a
159.9
100
_a
51
101
_a
SOC
245
_a
DEVELOPMENTAL PSYCHOLOGY
_c
SHAFFER,D.R
942
_2
udc
_c
BK
999
_c
33811
_d
33811